Visual quickstart guide : 3DS max 6 for windows

Bibliographic Details
Main Author: Matossian, Michele
Format: Book
Published: Barkeley : Peachpit press , 2004
Subjects:

MARC

LEADER 00000cam a2200000 7i4500
001 0000016019
005 20051022.0
020 |a 073571391X 
040 |a INS 
090 0 0 |a TR897   |b M384 2004 
100 1 |a Matossian, Michele 
245 1 0 |a Visual quickstart guide :   |b 3DS max 6 for windows   |c Michele Mitossian 
260 |a Barkeley :   |b Peachpit press ,   |c 2004 
300 |a x :   |b 516p ;   |c 23cm. 
650 0 0 |a Computer animation 
650 0 0 |a Computer graphics 
999 |a 0000016030   |b BOOK   |c Open Shelf   |e Default branch